000 00332 a2200157 4500
001 169550
020 _a
040 _cMagnum
100 _aNaccarato, Miguel
240 1 0 _aEscola livre e gratuita
_lpor
245 1 0 _aEscola livre e gratuita
362 0 _a1899
440 1 _aEdições Loyola
697 _aENSINO
942 _cBK
999 _c169550
_d169550